La transmisión inalámbrica : una introducción a los sistemas de radio-relevos
| Main Author: | |
|---|---|
| Format: | Section = Libro |
| Language: | Undetermined Spanish |
| Published: |
Suecia
LIMERICSSON
1978
|
| Subjects: |
| LEADER | 00515nam a2200181Ia 4500 | ||
|---|---|---|---|
| 008 | 240829s9999 xx 000 0 und d | ||
| 040 | |a BIBLIOTECA-RUSB/ 621.380422 K18 | ||
| 041 | |a spa | ||
| 082 | |a 621.380422 K18 | ||
| 100 | 1 | |a Karl, Heinz | |
| 245 | 1 | 0 | |a La transmisión inalámbrica : una introducción a los sistemas de radio-relevos |
| 260 | |a Suecia |b LIMERICSSON |c 1978 | ||
| 300 | |a 64 p. :il. | ||
| 650 | 7 | |a LINEAS TELEFONICAS | |
| 650 | 7 | |b INGENIERIA ELECTRICA | |
| 942 | |c BK |2 ddc | ||
| 991 | |a TEXTO | ||
| 999 | |c 3268 | ||